English-Pushto, Pushto-English combined dictionary / (Record no. 179751)

MARC details
000 -LEADER
fixed length control field 00684nam a22001937a 4500
005 - DATE AND TIME OF LATEST TRANSACTION
control field 20210716101003.0
010 ## - LCCN (DPL NO)
LC control number B-740583
020 ## - INTERNATIONAL STANDARD BOOK NUMBER
International Standard Book Number 9788176502252
Terms of availability 495.00
035 ## - SYSTEM CONTROL NUMBER
System control number B-740583
037 ## - SOURCE OF ACQUISITION
Source of stock number/acquisition Gift
082 ## - DEWEY DECIMAL CLASSIFICATION NUMBER
Classification number 423.8
245 ## - TITLE STATEMENT
Title English-Pushto, Pushto-English combined dictionary /
Statement of responsibility, etc compiled and edited by Henry Walter Bellew
260 ## - PUBLICATION, DISTRIBUTION, ETC. (IMPRINT)
Place of publication, distribution, etc New Delhi
Name of publisher, distributor, etc Star Publications
Date of publication, distribution, etc 2010
270 ## - ADDRESS
Address 4/58, Asaf Ali Road
City New Delhi
Postal code 110002
300 ## - PHYSICAL DESCRIPTION
Extent 361p.
Dimensions 22cm(Hb)
700 ## - ADDED ENTRY--PERSONAL NAME
Personal name Bellew, Henry Walter
942 ## - ADDED ENTRY ELEMENTS (KOHA)
Source of classification or shelving scheme Dewey Decimal Classification
Item type Reference Books
Classification part 423.8
Call number suffix ENG
Holdings
Withdrawn status Lost status Not for loan Collection code Home library Current library Date acquired Source of acquisition Cost, normal purchase price Full call number Barcode Copy number Cost, replacement price Koha item type Public note
    Not For Loan Non-fiction Central Library Central Library 07/07/2021 Gift/Eng/07-07-2021 495.00 423.8 ENG B-740583 1 495.00 Reference Books Gift

© Delhi Public Library
Hit Counter
free hit counter